000 00589cam a22001814a 4500
005 20250605164339.0
008 250528s ||||||||||||||||||||||||d
035 _a23556
040 _aGR-AtMCL
_bgre
_dGR-AtMCL
_eAACR2
245 1 _aThe Relationship Among the Adult Attachment Style and the Gender and Vulnerability to Depression/MSc Integrative Counseling and Psychotherapy: Individual Research Project
260 _c2019
300 _a22
700 1 _aBakali Georgia
_99134
700 1 _aZachariadis Andreas Polydoros
_99135
942 _cDS
999 _c8557
_d8557